| 000 | 00819cam a2200265 i 4500 | ||
|---|---|---|---|
| 001 | sa 66002266 | ||
| 003 | DLC | ||
| 005 | 20260227112228.0 | ||
| 008 | 811028s1963 ii j 000 0 tam | ||
| 010 | _asa 66002266 | ||
| 025 | _aPL480:I-T-954 | ||
| 040 |
_aDLC _cDLC _dDLC |
||
| 050 | 0 | 0 |
_aPL4758.9.C37 _bK3 1963 |
| 100 | 0 | _aCayaṅkoṇṭār. | |
| 240 | 1 | 0 | _aKaliṅkattup paraṇi |
| 245 | 1 | 0 |
_aCayaṅkoṇṭārin̲ Kaliṅkattup paraṇi : _bPuliyūrk Kēcikan̲ teḷivuraiyuṭaṇ. |
| 250 | _a[3. patippu]. | ||
| 260 |
_aCen̲n̲ai : _bPāri Nilaiyam, _c[1963] |
||
| 300 |
_a288 p. : _bgeneal. table ; _c18 cm. |
||
| 500 | _aIn Tamil. | ||
| 500 | _aPoem. | ||
| 600 | 0 | 0 |
_aKulottunga _bI, _cChola King, _dactive 1070-1118 _xPoetry. |
| 700 | 0 | _aPuliyūrk Kēcikan̲. | |
| 740 | 0 | _aKaliṅkattup paraṇi. | |
| 999 |
_c68260 _d68260 |
||